European Countries With A Unique Starting Letter - Statistics

General Stats
  • This quiz has been taken 67 times
  • The average score is 5 of 5
Answer Stats
Letter Country % Correct
E Estonia
98%
D Denmark
97%
V Vatican City
92%
H Hungary
89%
K Kosovo
89%
No matching quizzes found
Score Distribution
Percent of People with Each Score
Percentile by Number Answered
Your Score History
You have not taken this quiz